Nazwi autora lub zespół po tytule piosenki - Statystyki

Ogólne statystyki
  • Ten quiz został rozwiązany 527 razy
  • Średni wynik to 10 z 15
Statystyki odpowiedzi
Tytuł Zespół/Autor % Poprawnych
Nie ma fal Dawid Podsiadło
88%
Mój Przyjacielu Krzysztof Krawczyk
84%
Weż nie pytaj Paweł Domagała
81%
Agnieszka Łzy
79%
Snape of You Ed Sheeran
73%
Radioactive Imagine Dragons
72%
Pokolenie Kombii
68%
Lubie wracać tam gdzie byłem Zbigniew Wodecki
65%
7 rings Ariana Grande
61%
Ona jest ze snu Ira
59%
Sorry Justin Bieber
57%
Wake My Up Avicii
53%
Cisza Kamil Bednarek
47%
Dom Cleo
40%
The End Linkin Park
31%
Nie znaleziono quizów pasujących do podanych kryteriów
Rozkład punktacji
Procent ludzi z każdym wynikiem
Percentyl według liczby udzielonych odpowiedzi
Twoja historia wyników
Nie rozwiązałeś tego quizu